| 000 | 01290nam a2200241Ia 4500 | ||
|---|---|---|---|
| 999 |
_c52140 _d52140 |
||
| 001 | 19147 | ||
| 003 | GE_BSU | ||
| 005 | 20210317153933.0 | ||
| 008 | 181216s2008||||ge |||||||||||||| ||geo|| | ||
| 040 | _cGE_BSU | ||
| 041 | _ageo | ||
| 080 | _a811.353.1 ფ-97 | ||
| 100 |
_aფუტკარაძე, ე. _910509 |
||
| 245 |
_aსაშუალო გვარის უღვლილების თავისებურებანი საშუალ ქართულში / _cე. ფუტკარაძე; მეცნ. ხელმძღვ. ე. ბაბუნაშვილი; ბათუმის შოთა რუსთაველის სახ-ფო უნ-ტი. |
||
| 264 |
_aბათუმი : _bბათუმის შოთა რუსთაველის სახ. უნ-ტი, _c2008. |
||
| 300 |
_a138 გვ. ; _b30 სმ. |
||
| 653 | _aდისერტაცია | ||
| 653 | _aენათმეცნიერება | ||
| 653 | _aსაშუალო გვარის უღვლილების თავისებურებანი საშუალ ქართულში | ||
| 653 | _aქართული ენა | ||
| 700 |
_aბაბუნაშვილი, ე. _97828 |
||
| 942 |
_cBK _2udc |
||